Surface inspection problems in thermoelectric testing; MATEC Web of Conferences; Vol. 102 : Space Engineering
| Parent link: | MATEC Web of Conferences Vol. 102 : Space Engineering.— 2017.— [01001, 4 p.] |
|---|---|
| 団体著者: | |
| その他の著者: | , , , |
| 要約: | Title screen This paper demonstrates the outcome of experimental studies on thermoelectric characteristics of thermocouples. Measurements were carried out using different types of thermocouples; each studied alone then investigated when they are connected in parallel, in order to simulate the imperfect nature of the various multi-contact surface of the tested object. The investigated types were Chromel-Alumel and Nichrome-Constantan. The thermoelectric characteristics were measured at the temperature range 160°-400° Celsius, in order to identify the best operating temperature for the hot electrode. Furthermore, the load resistance is another important factor that has been investigated and therefore varied from 1[omega] to 10k[omega], in order to determine its effect on the electrical characteristics of thermocouples. Accordingly, these characteristics will help defining the requirements for an optimum thermoelectric testing. |
| 言語: | 英語 |
| 出版事項: |
2017
|
| 主題: | |
| オンライン・アクセス: | http://dx.doi.org/10.1051/matecconf/201710201001 http://earchive.tpu.ru/handle/11683/37963 |
| フォーマット: | 電子媒体 図書の章 |
| KOHA link: | https://koha.lib.tpu.ru/cgi-bin/koha/opac-detail.pl?biblionumber=654161 |
MARC
| LEADER | 00000naa2a2200000 4500 | ||
|---|---|---|---|
| 001 | 654161 | ||
| 005 | 20250805121638.0 | ||
| 035 | |a (RuTPU)RU\TPU\network\19688 | ||
| 035 | |a RU\TPU\network\17894 | ||
| 090 | |a 654161 | ||
| 100 | |a 20170413d2017 k||y0rusy50 ba | ||
| 101 | 0 | |a eng | |
| 135 | |a drgn ---uucaa | ||
| 181 | 0 | |a i | |
| 182 | 0 | |a b | |
| 200 | 1 | |a Surface inspection problems in thermoelectric testing |f A. A. S. A. R. Abouellail, I. Obach, A. A. Soldatov, A. I. Soldatov | |
| 203 | |a Text |c electronic | ||
| 300 | |a Title screen | ||
| 320 | |a [References: 9 tit.] | ||
| 330 | |a This paper demonstrates the outcome of experimental studies on thermoelectric characteristics of thermocouples. Measurements were carried out using different types of thermocouples; each studied alone then investigated when they are connected in parallel, in order to simulate the imperfect nature of the various multi-contact surface of the tested object. The investigated types were Chromel-Alumel and Nichrome-Constantan. The thermoelectric characteristics were measured at the temperature range 160°-400° Celsius, in order to identify the best operating temperature for the hot electrode. Furthermore, the load resistance is another important factor that has been investigated and therefore varied from 1[omega] to 10k[omega], in order to determine its effect on the electrical characteristics of thermocouples. Accordingly, these characteristics will help defining the requirements for an optimum thermoelectric testing. | ||
| 461 | 1 | |0 (RuTPU)RU\TPU\network\4526 |t MATEC Web of Conferences | |
| 463 | 1 | |0 (RuTPU)RU\TPU\network\19686 |t Vol. 102 : Space Engineering |o V International Forum for Young Scientists, April 18-20, 2017, Tomsk, Russia |o [proceedings] |f National Research Tomsk Polytechnic University (TPU) ; eds. V. N. Borikov [et al.] |v [01001, 4 p.] |d 2017 | |
| 610 | 1 | |a электронный ресурс | |
| 610 | 1 | |a труды учёных ТПУ | |
| 610 | 1 | |a контроль качества | |
| 610 | 1 | |a поверхности | |
| 610 | 1 | |a тестирование | |
| 610 | 1 | |a термоэлектрические характеристики | |
| 610 | 1 | |a термопары | |
| 610 | 1 | |a горячие электроды | |
| 701 | 1 | |a Abouellail |b A. A. S. A. R. |c specialist in the field of electronics |c Assistant of Tomsk Polytechnic University |f 1989- |g Ahmed Ali Sabri Ahmed Refaat |3 (RuTPU)RU\TPU\pers\46900 | |
| 701 | 1 | |a Obach |b I. |g Igor | |
| 701 | 1 | |a Soldatov |b A. A. |c specialist in the field of electronics |c engineer, Senior Lecturer of Tomsk Polytechnic University, candidate of technical Sciences |f 1988- |g Andrey Alekseevich |3 (RuTPU)RU\TPU\pers\35417 |9 18625 | |
| 701 | 1 | |a Soldatov |b A. I. |c specialist in the field of electronics |c Professor of Tomsk Polytechnic University, doctor of technical Sciences |f 1958- |g Aleksey Ivanovich |3 (RuTPU)RU\TPU\pers\31243 |9 15438 | |
| 712 | 0 | 2 | |a Национальный исследовательский Томский политехнический университет (ТПУ) |b Институт неразрушающего контроля (ИНК) |b Кафедра промышленной и медицинской электроники (ПМЭ) |3 (RuTPU)RU\TPU\col\18719 |
| 801 | 2 | |a RU |b 63413507 |c 20210624 |g RCR | |
| 850 | |a 63413507 | ||
| 856 | 4 | |u http://dx.doi.org/10.1051/matecconf/201710201001 | |
| 856 | 4 | |u http://earchive.tpu.ru/handle/11683/37963 | |
| 942 | |c CF | ||